| 000 | 00880nam a22003017a 4500 | ||
|---|---|---|---|
| 003 | CHAP | ||
| 005 | 20220329135010.0 | ||
| 008 | 971013s1965 r 00010 d | ||
| 010 | _a29301 | ||
| 011 | _a30273 | ||
| 035 | _a34385 | ||
| 040 | _cCHAP | ||
| 082 |
_a332.4 _bM32 |
||
| 100 | 0 | 0 |
_aMachlup, Fritz. _969405 |
| 245 | _aPlanes de reforma del sistema monetario internacional | ||
| 260 |
_aMéxico, D.F. : _bCEMLA, _c1965 |
||
| 300 | _a257 p | ||
| 490 | _aEstudios | ||
| 590 |
_aBATCH-UPD _b10 _c20130110 _lUCH01 _h1633 |
||
| 590 |
_aBATCH-UPD _b10 _c20130410 _lUCH01 _h1025 |
||
| 590 |
_aBATCH-UPD _b10 _c20130914 _lUCH01 _h1113 |
||
| 590 |
_aCONVERSION _b10 _c20130109 _lUCH01 _h1317 |
||
| 650 | 1 | 4 |
_aCuestión monetaria. _930120 |
| 830 | 0 |
_aEstudios _938514 |
|
| 901 | _aBK | ||
| 942 | _cLIBRO | ||
| 949 |
_a332.4 M32 _bBC _cLIBRO _d33724000337523 _eLIBRO _h40461 _i34385 _mD _si |
||
| 999 |
_c29301 _d29301 |
||